[Event "May Grunfeld"]
[Site "SchemingMind.com"]
[Date "2016.05.04"]
[Round "-"]
[White "pnwmusichound"]
[Black "emvarela"]
[Result "1/2-1/2"]
[WhiteCountry "USA"]
[BlackCountry "ARG"]
[WhiteElo "1869"]
[WhiteRD "94"]
[BlackElo "1719"]
[BlackRD "51"]
[GameID "398788"]

1. d4 Nf6 2. c4 g6 3. Nc3 d5 4. Bf4 Bg7 5. e3 O-O 6. Nf3 c6 7. h3 dxc4 8. Bxc4 Bd7 9. O-O b5 10. Be2 Nd5
11. Nxd5 cxd5 12. Rc1 Nc6 13. Bxb5 Qb6 14. Bxc6 Bxc6 15. Be5 Rac8 16. Bxg7 Kxg7 17. b3 Bd7 18. Ne5 Be6 19. f3 Rxc1 20. Qxc1 Rc8
21. Qb2 f6 22. Ng4 Bxg4 23. hxg4 Qc6 24. Qf2 Qc2 25. Qxc2 Rxc2 26. Rf2 Rc1+ 27. Rf1 Rc3 28. e4 dxe4 29. fxe4 Re3 30. Rc1 Kf7
31. d5 Rxe4 32. Rc7 Rxg4 33. d6 Ke8 34. Rxe7+ Kd8 35. Rxa7 Rd4 36. Rxh7 Rxd6 37. a3 Ra6 38. a4 g5 39. g4 Kc8 40. Rf7 Rb6
41. a5 Rxb3 42. Rxf6 Rg3+ 43. Kf2 Rxg4 44. Rg6 Kb7 45. Kf3 Ra4=
1/2-1/2

[Event "May Grunfeld"]
[Site "SchemingMind.com"]
[Date "2016.05.05"]
[Round "-"]
[White "emvarela"]
[Black "pnwmusichound"]
[Result "1-0"]
[WhiteCountry "ARG"]
[BlackCountry "USA"]
[WhiteElo "1728"]
[WhiteRD "49"]
[BlackElo "1861"]
[BlackRD "97"]
[GameID "398789"]

1. d4 Nf6 2. c4 g6 3. Nc3 d5 4. cxd5 Nxd5 5. e4 Nb6 6. Nf3 Bg7 7. Bd3 Bxd4 8. Nxd4 Qxd4 9. Bb5+ Qd7 10. Bxd7+ Bxd7
11. Qd4 f6 12. Bf4 Nc6 13. Qe3 Nb4 14. Rc1 O-O-O 15. a3 Nc6 16. O-O g5 17. Bg3 a6 18. Nd5 Nxd5 19. exd5 Ne5 20. Bxe5 fxe5
21. Qxe5 c6 22. dxc6 Bxc6 23. Qe6+ Kb8 24. Rxc6 bxc6 25. Qxc6 Rd6 26. Qc5 Rhd8 27. Qxg5 R8d7 28. Qe5 Kb7 29. g3 Kb6 30. Rc1 e6
31. Qc5+ Kb7 32. Qc8+ Kb6 33. Qb8+ Rb7 34. Qxd6+ Ka5 35. b4+ Ka4 36. Qxa6+ Kb3 37. Qxb7 h5 38. Qf3+ Ka4 39. Qxh5 Kb3 40. Qf3+ Ka4
41. h4 e5 42. b5 Kxb5 43. Qc6+ Ka5 44. Rc5#
1-0

[Event "May Grunfeld"]
[Site "SchemingMind.com"]
[Date "2016.05.26"]
[Round "-"]
[White "pnwmusichound"]
[Black "flyinduck"]
[Result "1-0"]
[WhiteCountry "USA"]
[BlackCountry "CAN"]
[WhiteElo "1965"]
[WhiteRD "92"]
[BlackElo "2093"]
[BlackRD "56"]
[GameID "399460"]

1. d4 Nf6 2. c4 g6 3. Nc3 d5 4. Bf4 Bg7 5. e3 O-O 6. Nf3 c5 7. dxc5 Qa5 8. Rc1 dxc4 9. Bxc4 Qxc5 10. Bb3 Nc6
11. O-O Qh5 12. h3 e5 13. Bg3 Re8 14. e4 Bh6 15. Rc2 Be6 16. Bxe6 Rxe6 17. Nd5 Nxe4 18. Rc4 Nxg3 19. fxg3 e4 20. Rxe4 Rd8
21. Rxe6
1-0

[Event "May Grunfeld"]
[Site "SchemingMind.com"]
[Date "2016.05.26"]
[Round "-"]
[White "flyinduck"]
[Black "pnwmusichound"]
[Result "1-0"]
[WhiteCountry "CAN"]
[BlackCountry "USA"]
[WhiteElo "2053"]
[WhiteRD "55"]
[BlackElo "1861"]
[BlackRD "97"]
[GameID "399461"]

1. d4 Nf6 2. c4 g6 3. Nc3 d5 4. cxd5 Nxd5 5. e4 Nb6 6. Be3 Bg7 7. Qd2 O-O 8. Be2 Nc6 9. Nf3 e6 10. O-O a6
11. Rad1 Qe7 12. h3 Bd7 13. Bh6 Rad8 14. Bxg7 Kxg7 15. e5 Na5 16. Ne4 Nac4 17. Qc1 Bb5 18. Rfe1 Na5 19. b3 Bxe2 20. Rxe2 Nc6
21. h4 Nd5 22. h5 f6 23. exf6+ Nxf6 24. Nc5 Rd6 25. Nxb7 Rd5 26. h6+ Kg8 27. Qxc6 Re8 28. Rde1 Kf7 29. Qxa6 Ng4 30. Re4 Nxh6
31. Nc5 Rd6 32. Qc4 Qf6 33. Nxe6 Rdxe6 34. Rxe6 Rxe6 35. Rxe6
1-0

[Event "May Grunfeld"]
[Site "SchemingMind.com"]
[Date "2016.05.26"]
[Round "-"]
[White "emvarela"]
[Black "flyinduck"]
[Result "0-1"]
[WhiteCountry "ARG"]
[BlackCountry "CAN"]
[WhiteElo "1728"]
[WhiteRD "49"]
[BlackElo "2053"]
[BlackRD "55"]
[GameID "399462"]

1. d4 Nf6 2. c4 g6 3. Nc3 d5 4. cxd5 Nxd5 5. e4 Nxc3 6. bxc3 Bg7 7. Bc4 O-O 8. Ne2 c5 9. O-O Nc6 10. Be3 Bg4
11. f3 Na5 12. Bxf7+ Rxf7 13. fxg4 Rxf1+ 14. Qxf1 Nc4 15. Qf2 Qd7 16. Rd1 Qxg4 17. h3 Qxe4 18. Bc1 Rf8 19. Qe1 Ne3 20. Bxe3 Qxe3+
21. Kh1 cxd4 22. cxd4 Rf2 23. Ng1 Qxe1 24. Rxe1 Bxd4 25. Nf3 e5 26. Nxe5 Bxe5 27. Rxe5 Rxa2 28. Re7 b5 29. Rb7 a6 30. Rb8+ Kg7
31. Rb7+ Kh6 32. Rb6 Ra4 33. Kh2 b4 34. h4 a5 35. g3 Kg7 36. Kh3 Ra3 37. Kg4 b3 38. Kg5 h6+ 39. Kf4 Ra4+ 40. Ke5 Rb4
41. Ra6 Rb7
0-1

[Event "May Grunfeld"]
[Site "SchemingMind.com"]
[Date "2016.05.26"]
[Round "-"]
[White "flyinduck"]
[Black "emvarela"]
[Result "1-0"]
[WhiteCountry "CAN"]
[BlackCountry "ARG"]
[WhiteElo "2053"]
[WhiteRD "55"]
[BlackElo "1728"]
[BlackRD "49"]
[GameID "399463"]

1. d4 Nf6 2. c4 g6 3. Nc3 d5 4. cxd5 Nxd5 5. e4 Nxc3 6. bxc3 Bg7 7. Be3 O-O 8. Qd2 c6 9. Bc4 Nd7 10. Ne2 Nb6
11. Bb3 e6 12. O-O Qe7 13. f4 Bd7 14. Rae1 a5 15. d5 cxd5 16. Bxb6 dxe4 17. Rd1 Bc6 18. Nd4 Bxd4+ 19. cxd4 Qb4 20. Qxb4 axb4
21. Bc5 Rfd8 22. Bxb4 Bd5 23. Bxd5 Rxd5 24. a3 Rad8 25. Bc5 e3 26. Rde1 b6 27. Bxb6 Ra8 28. Rxe3 g5 29. fxg5 Rxg5 30. Bc5 Kg7
31. Rg3 Rxg3 32. hxg3 f6 33. Rb1 Kg6 34. Kf2 h5 35. Rb6
1-0

[Event "May Grunfeld"]
[Site "SchemingMind.com"]
[Date "2016.06.19"]
[Round "-"]
[White "pnwmusichound"]
[Black "KristianO"]
[Result "0-1"]
[WhiteCountry "USA"]
[BlackCountry "NOR"]
[WhiteElo "1861"]
[WhiteRD "97"]
[BlackElo "1763"]
[BlackRD "119"]
[GameID "400498"]

1. d4 Nf6 2. c4 g6 3. Nc3 d5 4. Bf4 Bg7 5. e3 O-O 6. Nf3 c5 7. dxc5 Ne4 8. Rc1 Nd7 9. cxd5 Qa5 10. Qc2 Ndxc5
11. Be2 Bf5 12. Qd1 Bxc3+ 13. bxc3 Nxc3 14. Qd4 Nxa2+ 15. Qd2 Qxd2+ 16. Kxd2 Nb3+ 17. Kd1 Naxc1 18. Nd2 Nxe2 19. Kxe2 Nxd2 20. Kxd2 Be4
21. f3 Bxd5 22. Rc1 Rfd8 23. Ke2 Bc6 24. e4 Rac8 25. Ke3 Bb5 26. Rb1 a6 27. Rb3 Rc2 28. g4 Re2#
0-1

[Event "May Grunfeld"]
[Site "SchemingMind.com"]
[Date "2016.06.19"]
[Round "-"]
[White "KristianO"]
[Black "pnwmusichound"]
[Result "0-1"]
[WhiteCountry "NOR"]
[BlackCountry "USA"]
[WhiteElo "1737"]
[WhiteRD "118"]
[BlackElo "1869"]
[BlackRD "94"]
[GameID "400499"]

1. d4 Nf6 2. c4 g6 3. Nc3 d5 4. Nf3 Bg7 5. Qb3 dxc4 6. Qxc4 O-O 7. e4 c6 8. Be2 b5 9. Qb3 a5 10. Qc2 Na6
11. a3 Bg4 12. Ne5 Bxe2 13. Qxe2 Qd6 14. Be3 b4 15. Na4 Nxe4 16. Nb6 Ra7 17. Nbc4 Qd5 18. O-O bxa3 19. Rxa3 Nb4 20. Rfa1 Rd8
21. Rxa5 Rxa5 22. Rxa5 c5 23. Nb6 Qd6 24. Nec4 Qc6 25. dxc5 Nd3 26. Na4 Bd4 27. f3 Nexc5 28. Nxc5 Nxc5 29. Bxd4 Rxd4 30. b4 Nb3
31. Ne5 Qc1+
0-1

[Event "May Grunfeld"]
[Site "SchemingMind.com"]
[Date "2016.06.21"]
[Round "-"]
[White "emvarela"]
[Black "KristianO"]
[Result "1-0"]
[WhiteCountry "ARG"]
[BlackCountry "NOR"]
[WhiteElo "1728"]
[WhiteRD "49"]
[BlackElo "1763"]
[BlackRD "119"]
[GameID "400500"]

1. d4 Nf6 2. c4 g6 3. Nc3 d5 4. cxd5 Nxd5 5. e4 Nxc3 6. bxc3 Bg7 7. Bc4 O-O 8. Be3 Nc6 9. Ne2 Bg4 10. f3 Bd7
11. O-O e6 12. Rb1 Na5 13. Qd3 Nxc4 14. Qxc4 b5 15. Qd3 a6 16. Nc1 e5 17. d5 Qe7 18. Nb3 Rfd8 19. Rfd1 Be8 20. Bc5 Qf6
21. Nd2 Bf8 22. Bxf8 Kxf8 23. c4 c6 24. Qa3+ Kg8 25. dxc6 Qxc6 26. cxb5 axb5 27. Qb2 Qc5+ 28. Kf1 Rab8 29. Rbc1 Qe7 30. Nb3 Rxd1+
31. Rxd1 Rd8 32. Rxd8 Qxd8 33. Qxe5 b4 34. Qc5 Qb8 35. g3 Qb5+ 36. Qxb5 Bxb5+ 37. Kf2 Ba4 38. Ke3 Bxb3 39. axb3 f6 40. Kd4 Kf7
41. Kc4 Ke6 42. Kxb4 Kd6 43. Kc4 Kc6 44. b4 h5 45. b5+ Kb6 46. f4
1-0

[Event "May Grunfeld"]
[Site "SchemingMind.com"]
[Date "2016.06.21"]
[Round "-"]
[White "KristianO"]
[Black "emvarela"]
[Result "0-1"]
[WhiteCountry "NOR"]
[BlackCountry "ARG"]
[WhiteElo "1721"]
[WhiteRD "132"]
[BlackElo "1712"]
[BlackRD "48"]
[GameID "400501"]

1. d4 Nf6 2. c4 g6 3. Nc3 d5 4. Nf3 Bg7 5. Qb3 c6 6. cxd5 Nxd5 7. e4 Nxc3 8. bxc3 Nd7 9. Be2 O-O 10. O-O Nb6
11. Be3 Qc7 12. Rfd1 Bd7 13. Rd2 Be6 14. d5 cxd5 15. Nd4 Bxd4 16. Bxd4 dxe4 17. Bxb6 axb6 18. Qb4 Qc5 19. Rb2 Qxb4 20. cxb4 b5
21. Bxb5 Rfd8 22. a4 Bd7 23. Rd1 Bxb5 24. Rxd8+ Rxd8 25. axb5 Rd1#
0-1

[Event "May Grunfeld"]
[Site "SchemingMind.com"]
[Date "2016.06.17"]
[Round "-"]
[White "KristianO"]
[Black "flyinduck"]
[Result "1/2-1/2"]
[WhiteCountry "NOR"]
[BlackCountry "CAN"]
[WhiteElo "1763"]
[WhiteRD "119"]
[BlackElo "2053"]
[BlackRD "55"]
[GameID "400504"]

1. d4 Nf6 2. c4 g6 3. Nc3 d5 4. Nf3 Bg7 5. Qb3 dxc4 6. Qxc4 O-O 7. e4 Bg4 8. Be3 Nfd7 9. Qb3 Nb6 10. Rd1 Nc6
11. d5 Bxf3 12. gxf3 Ne5 13. Be2 Qd7 14. f4 Ng4 15. Bc5 Rfe8 16. f3 Nh6 17. Bb5 Qh3 18. Bxe8 Qxf3 19. Rf1 Bxc3+ 20. Qxc3 Qxe4+
21. Qe3 Qxe3+ 22. Bxe3 Rxe8 23. Bxb6 axb6 24. Rg1 Nf5 25. Rc1 Ra8 26. a3 Ra5 27. Rxc7 Rxd5 28. Rxb7 b5 29. Rg2 Kf8 30. Rd2 Rc5
31. b4 Rc1+ 32. Kf2 Nd6 33. Rb8+ Kg7 34. Rxd6 exd6 35. Rxb5 Rc2+ 36. Kg1 Rc1+=
1/2-1/2

[Event "May Grunfeld"]
[Site "SchemingMind.com"]
[Date "2016.06.17"]
[Round "-"]
[White "flyinduck"]
[Black "KristianO"]
[Result "1-0"]
[WhiteCountry "CAN"]
[BlackCountry "NOR"]
[WhiteElo "2052"]
[WhiteRD "58"]
[BlackElo "1721"]
[BlackRD "132"]
[GameID "400505"]

1. d4 Nf6 2. c4 g6 3. Nc3 d5 4. cxd5 Nxd5 5. e4 Nxc3 6. bxc3 Bg7 7. Be3 c5 8. Qd2 O-O 9. Nf3 cxd4 10. cxd4 Nc6
11. Rd1 Bg4 12. d5 Bxf3 13. gxf3 Ne5 14. Be2 b6 15. f4 Nd7 16. O-O Nc5 17. Bf3 Rc8 18. e5 e6 19. d6 Nd7 20. Rc1 Qh4
21. Rxc8 Rxc8 22. Rc1 Rd8 23. Rc7 f6 24. exf6 Bxf6 25. Rxa7 g5 26. Bc6 Qg4+ 27. Kf1 Ne5 28. fxe5 Bxe5 29. Qc2 Rxd6 30. Qxh7+ Kf8
31. Qf7#
1-0

[Event "May Grunfeld"]
[Site "SchemingMind.com"]
[Date "2016.06.20"]
[Round "-"]
[White "pnwmusichound"]
[Black "clare1347"]
[Result "0-1"]
[WhiteCountry "USA"]
[BlackCountry "ENG"]
[WhiteElo "1869"]
[WhiteRD "94"]
[BlackElo "2244"]
[BlackRD "87"]
[GameID "400526"]

1. d4 Nf6 2. c4 g6 3. Nc3 d5 4. Bf4 Bg7 5. e3 O-O 6. Nf3 c5 7. dxc5 Qa5 8. Rc1 dxc4 9. Bxc4 Bg4 10. O-O Nc6
11. h3 Rad8 12. Qe2 Bxf3 13. Qxf3 Qxc5 14. Ne4 Qb4 15. b3 Nxe4 16. Qxe4 Rd2 17. a4 e6 18. Qf3 Na5 19. e4 Rd4 20. Be2 Nxb3
21. Rc3 Nc5 22. Rxc5 Qxc5 23. Be3 Qb4 24. Bxd4 Bxd4 25. Bd1 Bb6 26. e5 Bd4 27. Qe2 Qc5 28. g3 Rc8 29. Kg2 Qxe5 30. Qf3 Rc7
31. Be2 Rc2 32. Re1 Bc3 33. Bd1 Rxf2+ 34. Qxf2 Bxe1 35. Qf3 b6 36. Be2 Bxg3 37. Bb5 Bh4 38. Be8 f5 39. Bb5 Kg7 40. Qb7+ Kf6
41. Kf3 Qh2 42. Ke3 Be1
0-1

[Event "May Grunfeld"]
[Site "SchemingMind.com"]
[Date "2016.06.20"]
[Round "-"]
[White "clare1347"]
[Black "pnwmusichound"]
[Result "1-0"]
[WhiteCountry "ENG"]
[BlackCountry "USA"]
[WhiteElo "2247"]
[WhiteRD "86"]
[BlackElo "1957"]
[BlackRD "96"]
[GameID "400527"]

1. d4 Nf6 2. c4 g6 3. Nc3 d5 4. cxd5 Nxd5 5. e4 Nb6 6. h3 Bg7 7. Be3 O-O 8. Nf3 c6 9. Be2 Be6 10. O-O a5
11. b3 h6 12. Rc1 Na6 13. Qd2 g5 14. Rfd1 Nb4 15. h4 g4 16. Bxh6 gxf3 17. Qg5
1-0

[Event "May Grunfeld"]
[Site "SchemingMind.com"]
[Date "2016.06.22"]
[Round "-"]
[White "clare1347"]
[Black "emvarela"]
[Result "1-0"]
[WhiteCountry "ENG"]
[BlackCountry "ARG"]
[WhiteElo "2254"]
[WhiteRD "90"]
[BlackElo "1712"]
[BlackRD "48"]
[GameID "400528"]

1. d4 Nf6 2. c4 g6 3. Nc3 d5 4. cxd5 Nxd5 5. e4 Nxc3 6. bxc3 Bg7 7. Bc4 c5 8. Ne2 Nc6 9. Be3 cxd4 10. cxd4 Bd7
11. O-O O-O 12. Rc1 a6 13. Qd2 e6 14. f4 b5 15. Bd3 Rc8 16. f5 exf5 17. exf5 Qe7 18. Bh6 gxf5 19. Bxg7 Kxg7 20. Ng3 Nxd4
21. Qf4 Rxc1 22. Qxd4+ f6 23. Rxc1 Rc8 24. Rf1 Rd8 25. Bxf5
1-0

[Event "May Grunfeld"]
[Site "SchemingMind.com"]
[Date "2016.06.22"]
[Round "-"]
[White "emvarela"]
[Black "clare1347"]
[Result "0-1"]
[WhiteCountry "ARG"]
[BlackCountry "ENG"]
[WhiteElo "1712"]
[WhiteRD "48"]
[BlackElo "2254"]
[BlackRD "90"]
[GameID "400529"]

1. d4 Nf6 2. c4 g6 3. Nc3 d5 4. Qb3 dxc4 5. Qxc4 Bg7 6. e3 O-O 7. Nf3 Nc6 8. Be2 Bf5 9. O-O Qd6 10. Rd1 a6
11. d5 Ne5 12. Nxe5 Qxe5 13. f4 Qd6 14. Bf3 b5 15. Qc6 b4 16. Qxd6 cxd6 17. Ne2 Rfc8 18. Nd4 a5 19. Nxf5 gxf5 20. Rb1 Ne4
21. Bxe4 fxe4 22. b3 Rc2 23. a3 Rac8 24. axb4 axb4 25. Bd2 Bc3 26. Bxc3 bxc3 27. Rd4 Rb2
0-1

[Event "May Grunfeld"]
[Site "SchemingMind.com"]
[Date "2016.06.20"]
[Round "-"]
[White "clare1347"]
[Black "KristianO"]
[Result "1-0"]
[WhiteCountry "ENG"]
[BlackCountry "NOR"]
[WhiteElo "2254"]
[WhiteRD "90"]
[BlackElo "1721"]
[BlackRD "132"]
[GameID "400532"]

1. d4 Nf6 2. c4 g6 3. Nc3 d5 4. cxd5 Nxd5 5. e4 Nxc3 6. bxc3 Bg7 7. Bc4 c5 8. Ne2 Nc6 9. Be3 O-O 10. O-O b6
11. Rc1 Bb7 12. f3 e6 13. Qd2 cxd4 14. cxd4 Qe7 15. Bg5 f6 16. Be3 Rad8 17. Nf4 Bc8 18. Bxe6+ Bxe6 19. Rxc6 Rd6 20. Rxd6 Qxd6
21. Nxe6 Qxe6 22. d5 Qd6 23. Bf4 Qc5+ 24. Kh1 Rc8 25. d6 Rd8 26. Rc1 Qb5 27. h4 Qh5 28. e5 fxe5 29. Bg5 h6 30. Bxd8 g5
31. Be7 Qxh4+ 32. Kg1 Qd4+ 33. Qxd4 exd4 34. d7
1-0

[Event "May Grunfeld"]
[Site "SchemingMind.com"]
[Date "2016.06.20"]
[Round "-"]
[White "KristianO"]
[Black "clare1347"]
[Result "0-1"]
[WhiteCountry "NOR"]
[BlackCountry "ENG"]
[WhiteElo "1763"]
[WhiteRD "119"]
[BlackElo "2242"]
[BlackRD "90"]
[GameID "400533"]

1. d4 Nf6 2. c4 g6 3. Nc3 d5 4. Nf3 Bg7 5. Qb3 dxc4 6. Qxc4 O-O 7. e4 Bg4 8. Be3 c6 9. Be2 Bxf3 10. Bxf3 Nbd7
11. O-O Nb6 12. Qb3 Ne8 13. Rad1 Nd6 14. Be2 Qc7 15. Rd2 Rad8 16. Rfd1 Rfe8 17. a4 Nbc8 18. Bf3 Qb6 19. Qxb6 Nxb6 20. b3 Nd7
21. Ne2 e6 22. Nc1 f5 23. e5 Nf7 24. Nd3 Nb6 25. Nc5 Re7 26. a5 Nd5 27. a6 Nxe3 28. fxe3 Bh6 29. Rd3 b6 30. Nb7 Rc8
31. Rc1 c5 32. dxc5 Nxe5 33. Rdc3 bxc5 34. Kf2 Bg7 35. Nd6 Rd8 36. Rd1 Red7 37. Nb7 Rxd1 38. Bxd1 Rxd1 39. Ke2 Rg1 40. Rxc5 Rxg2+
41. Kf1 Rxh2 42. Nd8 Ng4 43. Rc8 Bh6 44. Nxe6+ Kf7 45. Nf4 Nxe3+ 46. Ke1 Bxf4 47. Ra8 Bg3#
0-1

[Event "May Grunfeld"]
[Site "SchemingMind.com"]
[Date "2016.06.21"]
[Round "-"]
[White "clare1347"]
[Black "flyinduck"]
[Result "1-0"]
[WhiteCountry "ENG"]
[BlackCountry "CAN"]
[WhiteElo "2242"]
[WhiteRD "90"]
[BlackElo "2053"]
[BlackRD "55"]
[GameID "400534"]

1. d4 Nf6 2. c4 g6 3. Nc3 d5 4. cxd5 Nxd5 5. e4 Nxc3 6. bxc3 Bg7 7. Bc4 c5 8. Ne2 O-O 9. Be3 Nc6 10. O-O Bg4
11. f3 Na5 12. Bd3 Bd7 13. Qd2 Qc7 14. Rab1 b6 15. Nf4 e6 16. e5 Rac8 17. Rfc1 Rfd8 18. Qe1 Be8 19. Ba6 Rb8 20. Bf1 Qc6
21. Nd3 Nc4 22. Bg5 Rdc8 23. Nxc5 Na3 24. Na6 Nxb1 25. Nxb8 Rxb8 26. Rxb1 Qa4 27. Qd2 Rc8 28. c4 Bf8 29. Rb3 Qd7 30. Qf2 Be7
31. f4 Bxg5 32. fxg5 Rd8 33. Rd3 b5 34. c5 Qd5 35. Rd2 Bc6 36. Be2 a5 37. Bf3 Qd7 38. Rd1 b4 39. h3 Bxf3 40. Qxf3 Rc8
41. g3 Qa4 42. Qb3 Qb5 43. Qd3 Qc6 44. Rd2 Qd5 45. Kh2 Kg7 46. h4 h6 47. gxh6+ Kxh6 48. Qe3+ Kg7 49. Qf4 a4 50. Qf6+ Kg8
51. g4 Qe4 52. h5 Qxg4 53. hxg6 fxg6 54. Rf2 Kh7 55. Rf3
1-0

[Event "May Grunfeld"]
[Site "SchemingMind.com"]
[Date "2016.06.20"]
[Round "-"]
[White "flyinduck"]
[Black "clare1347"]
[Result "0-1"]
[WhiteCountry "CAN"]
[BlackCountry "ENG"]
[WhiteElo "2053"]
[WhiteRD "55"]
[BlackElo "2242"]
[BlackRD "90"]
[GameID "400535"]

1. d4 Nf6 2. c4 g6 3. Nc3 d5 4. cxd5 Nxd5 5. e4 Nxc3 6. bxc3 Bg7 7. Be3 c5 8. Qd2 Qa5 9. Nf3 Nc6 10. Rb1 a6
11. Rc1 cxd4 12. cxd4 Qxd2+ 13. Kxd2 f5 14. Bd3 O-O 15. d5 fxe4 16. Bxe4 Ne5 17. Nxe5 Bxe5 18. h4 Bf5 19. Bf3 Rac8 20. Rxc8 Rxc8
21. Rc1 Rxc1 22. Kxc1 b5 23. Bc5 Kf7 24. g4 Bd3 25. Bd1 Bc4 26. Bb3 Bxb3 27. axb3 h5 28. g5 Ke8 29. Kd2 Kd7 30. Ke3 a5
31. f4 Bb8 32. f5 gxf5 33. g6 Ke8 34. Bd4 a4 35. bxa4 bxa4 36. Kd3 Bg3
0-1

[Event "May Grunfeld"]
[Site "SchemingMind.com"]
[Date "2016.06.27"]
[Round "-"]
[White "pnwmusichound"]
[Black "frankly"]
[Result "0-1"]
[WhiteCountry "USA"]
[BlackCountry "ENG"]
[WhiteElo "1952"]
[WhiteRD "100"]
[BlackElo "2475"]
[BlackRD "61"]
[GameID "400710"]

1. d4 Nf6 2. c4 g6 3. Nc3 d5 4. Bf4 Bg7 5. e3 c5 6. dxc5 Qa5 7. Rc1 dxc4 8. Bxc4 O-O 9. Nf3 Qxc5 10. Bb3 Nc6
11. O-O Qa5 12. h3 Qa6 13. e4 Rd8 14. Qc2 Bd7 15. a3 Nh5 16. Bg3 Nxg3 17. fxg3 e6 18. Rcd1 Be8 19. Rxd8 Rxd8 20. Ne2 Na5
21. Ba2 Qb6+ 22. Kh2 Qxb2 23. Qxb2 Bxb2 24. Ng5 Rd2 25. Nf4 Bf6 26. Nxh7 Kxh7 27. Bb1 Bb2 28. h4 Nc4 29. g4 Nxa3 30. Bd3 Be5
0-1

[Event "May Grunfeld"]
[Site "SchemingMind.com"]
[Date "2016.06.26"]
[Round "-"]
[White "frankly"]
[Black "pnwmusichound"]
[Result "1-0"]
[WhiteCountry "ENG"]
[BlackCountry "USA"]
[WhiteElo "2475"]
[WhiteRD "61"]
[BlackElo "1952"]
[BlackRD "100"]
[GameID "400711"]

1. d4 Nf6 2. c4 g6 3. Nc3 d5 4. Nf3 Bg7 5. Bg5 Ne4 6. cxd5 Nxg5 7. Nxg5 e6 8. Nf3 exd5 9. e3 O-O 10. b4 c6
11. Be2 Be6 12. O-O Nd7 13. Rc1 f5 14. b5 f4 15. bxc6 bxc6 16. e4 Nf6 17. e5 Ne4 18. Bd3 Nxc3 19. Rxc3 Rc8 20. Qc2 Qd7
21. Rc1 Bg4 22. Rxc6 Rxc6 23. Qxc6 Qxc6 24. Rxc6 Bxf3 25. gxf3 Rd8 26. Bb5 Kf8 27. Rc7 a5 28. e6 Bf6 29. Rf7+
1-0

[Event "May Grunfeld"]
[Site "SchemingMind.com"]
[Date "2016.06.22"]
[Round "-"]
[White "clare1347"]
[Black "frankly"]
[Result "0-1"]
[WhiteCountry "ENG"]
[BlackCountry "ENG"]
[WhiteElo "2247"]
[WhiteRD "86"]
[BlackElo "2469"]
[BlackRD "61"]
[GameID "400712"]

1. d4 Nf6 2. c4 g6 3. Nc3 d5 4. cxd5 Nxd5 5. e4 Nxc3 6. bxc3 Bg7 7. Bc4 c5 8. Ne2 Nc6 9. Be3 O-O 10. O-O Bg4
11. f3 Na5 12. Bxf7+ Rxf7 13. fxg4 Rxf1+ 14. Kxf1 cxd4 15. Bxd4 Qc7 16. Kg1 Rd8 17. Qa4 b6 18. Bxg7 Kxg7 19. Rf1 Qc5+ 20. Kh1 Qc4
21. Qb4 Rd6 22. Ng3 Qxb4 23. cxb4 Nc4 24. h3 Rd2 25. Rc1 Ne3 26. Rc3 Nxg2 27. Ra3 Nf4 28. Rxa7 Kf7 29. h4 Rb2 30. Ra3 Ke6
31. Kg1 Ke5 32. Kf1 b5 33. h5 Kf6 34. hxg6 hxg6 35. Kg1 e5 36. Nf1 Kg5 37. Ne3 Kh4 38. Nd5 g5 39. Ne3 Nh3+ 40. Kf1 Nf2
41. Ng2+ Kxg4 42. Ne3+ Kf4 43. Nd5+ Kxe4 44. Nc3+ Kf5 45. Ra8 Nd3 46. Nxb5 Kg4 47. Rd8 e4
0-1

[Event "May Grunfeld"]
[Site "SchemingMind.com"]
[Date "2016.06.22"]
[Round "-"]
[White "frankly"]
[Black "clare1347"]
[Result "1-0"]
[WhiteCountry "ENG"]
[BlackCountry "ENG"]
[WhiteElo "2466"]
[WhiteRD "57"]
[BlackElo "2230"]
[BlackRD "93"]
[GameID "400713"]

1. d4 Nf6 2. c4 g6 3. Nc3 d5 4. Nf3 Bg7 5. Qb3 dxc4 6. Qxc4 O-O 7. e4 Bg4 8. Be3 Nfd7 9. Qb3 Nb6 10. Rd1 Nc6
11. d5 Ne5 12. Be2 Nxf3+ 13. gxf3 Bh5 14. Rg1 Qd7 15. Rg3 Kh8 16. a4 f5 17. exf5 Qxf5 18. a5 Nd7 19. Nb5 c5 20. d6 Qf7
21. Bc4 Qf6 22. Bg5 Qe5+ 23. Kf1 exd6 24. Nxd6 Rab8 25. Nf7+ Rxf7 26. Bxf7 Nf6 27. Kg2 Qe7 28. Be6 Re8 29. Bh3
1-0

[Event "May Grunfeld"]
[Site "SchemingMind.com"]
[Date "2016.06.23"]
[Round "-"]
[White "emvarela"]
[Black "frankly"]
[Result "0-1"]
[WhiteCountry "ARG"]
[BlackCountry "ENG"]
[WhiteElo "1712"]
[WhiteRD "48"]
[BlackElo "2475"]
[BlackRD "61"]
[GameID "400714"]

1. d4 Nf6 2. c4 g6 3. Nc3 d5 4. Nf3 Bg7 5. e3 O-O 6. Be2 c5 7. cxd5 Nxd5 8. Qb3 Nxc3 9. bxc3 Nc6 10. dxc5 Qa5
11. Bd2 Qxc5 12. Nd4 Na5 13. Qb5 Qxb5 14. Bxb5 e5 15. Nb3 Nxb3 16. axb3 Be6 17. b4= e4 18. f3 exf3 19. gxf3 a6 20. Be2 Rad8
21. Rc1 Rd7 22. O-O Rxd2 23. Rf2 b5 24. Bf1 Rxf2 25. Kxf2 Rc8
0-1

[Event "May Grunfeld"]
[Site "SchemingMind.com"]
[Date "2016.06.23"]
[Round "-"]
[White "frankly"]
[Black "emvarela"]
[Result "1-0"]
[WhiteCountry "ENG"]
[BlackCountry "ARG"]
[WhiteElo "2469"]
[WhiteRD "61"]
[BlackElo "1693"]
[BlackRD "50"]
[GameID "400715"]

1. d4 Nf6 2. c4 g6 3. Nc3 d5 4. Nf3 Bg7 5. Qb3 c6 6. Bf4 dxc4 7. Qxc4 O-O 8. e4 Nbd7 9. Be2 Nb6 10. Qc5 Nfd7
11. Qa3 Re8 12. Rd1 e5 13. dxe5 Nxe5 14. Rxd8 Nxf3+ 15. gxf3 Rxd8 16. Bc7
1-0

[Event "May Grunfeld"]
[Site "SchemingMind.com"]
[Date "2016.06.27"]
[Round "-"]
[White "frankly"]
[Black "KristianO"]
[Result "1-0"]
[WhiteCountry "ENG"]
[BlackCountry "NOR"]
[WhiteElo "2469"]
[WhiteRD "61"]
[BlackElo "1807"]
[BlackRD "147"]
[GameID "400718"]

1. d4 Nf6 2. c4 g6 3. Nc3 d5 4. Nf3 Bg7 5. Qb3 dxc4 6. Qxc4 O-O 7. e4 a6 8. Qb3 b5 9. e5 Nfd7 10. e6 fxe6
11. Be3 Nb6 12. h4 Bb7 13. Qxe6+ Kh8 14. h5 Rf6 15. Ne5 Rxe6 16. Nf7+ Kg8 17. Nxd8 Rxe3+ 18. fxe3 Bd5 19. hxg6 N8d7 20. gxh7+ Kh8
21. Nxd5 Nxd5 22. Nf7#
1-0

[Event "May Grunfeld"]
[Site "SchemingMind.com"]
[Date "2016.06.27"]
[Round "-"]
[White "KristianO"]
[Black "frankly"]
[Result "0-1"]
[WhiteCountry "NOR"]
[BlackCountry "ENG"]
[WhiteElo "1807"]
[WhiteRD "147"]
[BlackElo "2469"]
[BlackRD "61"]
[GameID "400719"]

1. d4 Nf6 2. c4 g6 3. Nc3 d5 4. Nf3 Bg7 5. Qb3 dxc4 6. Qxc4 O-O 7. e4 a6 8. a4 b5 9. Qb4 Bb7 10. Bd3 Nc6
11. Qc5 Nd7 12. Qg5 Nxd4 13. Nxd4 Bf6 14. Qe3 Nc5 15. O-O Bxd4 16. Qg3 Nxd3 17. Rd1 Bxf2+ 18. Qxf2 Nxf2 19. Rxd8 Rfxd8 20. Kxf2 b4
21. Nd5 Bxd5 22. exd5 Rxd5 23. Be3 c5 24. Re1 Rc8 25. Bc1 e5 26. b3 c4
0-1

[Event "May Grunfeld"]
[Site "SchemingMind.com"]
[Date "2016.06.22"]
[Round "-"]
[White "frankly"]
[Black "flyinduck"]
[Result "1-0"]
[WhiteCountry "ENG"]
[BlackCountry "CAN"]
[WhiteElo "2475"]
[WhiteRD "61"]
[BlackElo "2052"]
[BlackRD "58"]
[GameID "400720"]

1. d4 Nf6 2. c4 g6 3. Nc3 d5 4. Nf3 Bg7 5. Bg5 Ne4 6. cxd5 Nxg5 7. Nxg5 e6 8. Nf3 exd5 9. e3 O-O 10. b4 c6
11. Be2 Be6 12. h4 Qd6 13. b5 a6 14. bxc6 bxc6 15. h5 c5 16. h6 Bh8 17. O-O Rc8 18. dxc5 Qxc5 19. Na4 Qd6 20. Rc1 Nd7
21. Rxc8+ Rxc8 22. Nd4 Ne5 23. Qb3 Nc4 24. Nxe6 Qxe6 25. Rd1 Bf6 26. Bf3 Rd8 27. Nc5 Qc8 28. Nb7 Nb2 29. Nxd8 Nxd1 30. Nc6 Kf8
31. Qb4+
1-0